Chocolate Quiz - Statistics

General Stats
  • This quiz has been taken 320 times
  • The average score is 8 of 14
Answer Stats
Picture Answer % Correct
Hershey's
85%
M&M's
85%
Snickers
75%
Flake
70%
Aero
63%
Creme egg
62%
Crunchie
59%
Twirl
54%
Lindt
52%
Wispa
48%
Chocolate buttons
42%
Double Decker
36%
Picnic
29%
Time out
28%
No matching quizzes found
Score Distribution
Percent of People with Each Score
Percentile by Number Answered
Your Score History
You have not taken this quiz